000 02602nam a2200313 a 4500
001 17877761
008 181003s2013 ||||||||||||||||| || u
010 _a2013035918
020 _a9780857858429
020 _a0857858416 (HB)
020 _a9780857858429 (PB)
020 _a0857858424 (PB)
050 _aQL 85 Liv
100 _aDransart, Penelope
245 1 0 _aLiving beings: perspectives on interspecies engagements
_cedited by Penelope Dransart
260 _aLondon:
_bBloomsbury Academic
_c2013
300 _aviii, 347 pages : illustrations
336 _atext
_2rdacontent
337 _aunmediated
_2rdamedia
338 _avolume
_2rdacarrier
350 _a37.95
490 _aASA monographs
490 _v50
500 _a"The chapters in this book are based on a selection of papers presented at the 2011 annual conference of the Association of Social Anthropologists of the United Kingdom and the Commonwealth (ASA), which met in Lampter, Wales, under the title 'Vital Powers and Politics : Human Interactions with Living Things'"--Preface. Includes bibliographical references and index.
505 _aLiving beings and vital powers : an introduction / Penelope Dransart -- Being together with animals : death, violence and noncruelty in Hindu imagination / Veena Das -- The nature of nature in Ramon Llull / Sarah Jane Boss -- The tree of Gernika : political poetics of rootedness and belonging / Safet HadéziMuhamedoviâc -- Bringing the forest to the city : spaces imagined in Israeli sacred song circles / Ronit Grossman-Horesh -- Sensuous photographies : living things explored through phenomenological practice / Carole Baker -- The field : an art experiment in Levinasian ethics / Alana Jelinek, with Juliette Brown -- Hunting the wild 'other' to become a man : wildlife tourism and the modern identity crisis in Israeli safaris to East Africa / Rachel Ben-David -- Becoming-animal in the Chinese martial arts / D.S. Farrer -- Moral issues in engagements between animals and the environment / Anthropomorphism, anthropocentrism and the study of language in primates / David Cockburn -- Dressed in furs : clothing and Yaghan multispecies engagements in Tierra del Fuego / Penelope Dransart -- Appendix: Modes of being and destinies of living beings in a Mexican book of fate / Penelope Dransart.
650 0 _aHUMAN-ANIMAL RELATIONSHIPS--CASE STUDIES
650 0 _aHUMAN-PLANT RELATIONSHIPS--CASE STUDIES
995 _FCBU-MAIN LIBRARY (Kitwe)
_I37.95
_M1
_UAVAILABLE
_WOct 3, 2018
_ZAnnex Low-Usage Collection
999 _c49394
_d49394